000 01196nam a2200313Ia 4500
001 ebr10463974
003 CaPaEBR
006 m u
007 cr cn|||||||||
008 070212s2007 enkc sb 001 0 eng d
020 _z9781855754539
020 _z1855754533
040 _aCaPaEBR
_cCaPaEBR
035 _a(OCoLC)727951854
050 1 4 _aBF575.N35
_bN343 2007eb
082 0 4 _a616.85854
_222
245 0 0 _aNarcissism
_h[electronic resource] :
_ba critical reader /
_cedited by Anastasios Gaitanidis, with Polona Curk.
260 _aLondon ;
_aNew York :
_bKarnac,
_c2007.
300 _ax, 231 p. :
_bports.
504 _aIncludes bibliographical references (p. 211-225) and index.
533 _aElectronic reproduction.
_bPalo Alto, Calif. :
_cebrary,
_d2011.
_nAvailable via World Wide Web.
_nAccess may be limited to ebrary affiliated libraries.
650 0 _aNarcissism.
650 0 _aPsychoanalysis.
655 7 _aElectronic books.
_2local
700 1 _aGaitanidis, Anastasios.
700 1 _aCurk, Polona.
710 2 _aebrary, Inc.
856 4 0 _uhttp://site.ebrary.com/lib/rucke/Doc?id=10463974
_zAn electronic book accessible through the World Wide Web; click to view
999 _c129298
_d129298